| 000 | 00443nam a22001337a 4500 | ||
|---|---|---|---|
| 999 |
_c129966 _d129966 |
||
| 008 | 191112b ||||| |||| 00| 0 eng d | ||
| 020 | _a978-1-78368-897-5 | ||
| 050 | _aBT30.A4 C555 2018 | ||
| 245 |
_aChristian reflection in Africa: _breview and engagement _c/ edited by Paul Bowers |
||
| 260 |
_aCarlisle: _bLangham Global Library, _c2018 |
||
| 300 |
_axvi, 784p. ; _c26cm. |
||
| 700 |
_aBowers, Paul _eed. _948504 |
||
| 942 |
_2lcc _cMONOGRAPH |
||